Магнитный взаимоиндуктивный преобразователь расстояния до поверхности ферромагнитного объекта; Дефектоскопия; № 10

Бібліографічні деталі
Parent link:Дефектоскопия.— , 1965-
№ 10.— 2011.— [С. 24-30]
Автор: Алимов Д. В. Дмитрий Владимирович
Інші автори: Вахрушев Д. В. Дмитрий Васильевич, Гольдштейн А. Е. Александр Ефремович
Резюме:Заглавие с экрана
Исследована возможность использования взаимоиндуктивного преобразователя в качестве измерительного преобразователя биений круглой цилиндрической поверхности в измерителе несоосности сварных соединений. На основе результатов физического и математического моделирования взаимодействия магнитного поля преобразователя с ферромагнитной поверхностью осуществлен выбор оптимальных конструктивных параметров преобразователя, оценено влияние краевого эффекта.
Режим доступа: по договору с организацией-держателем ресурса
Мова:Російська
Опубліковано: 2011
Предмети:
Онлайн доступ:http://elibrary.ru/item.asp?id=17306279&
Формат: MixedMaterials Електронний ресурс Частина з книги
KOHA link:https://koha.lib.tpu.ru/cgi-bin/koha/opac-detail.pl?biblionumber=637778

MARC

LEADER 00000naa0a2200000 4500
001 637778
005 20250123103605.0
035 |a (RuTPU)RU\TPU\network\1946 
035 |a RU\TPU\network\1942 
090 |a 637778 
100 |a 20141017d2011 k||y0rusy50 ca 
101 0 |a rus 
102 |a RU 
135 |a drcn ---uucaa 
181 0 |a i  
182 0 |a b 
200 1 |a Магнитный взаимоиндуктивный преобразователь расстояния до поверхности ферромагнитного объекта  |f Д. В. Алимов, Д. В. Вахрушев, А. Е. Гольдштейн 
203 |a Текст  |c электронный 
300 |a Заглавие с экрана 
320 |a [Библиогр.: с. 30 (4 назв.)] 
330 |a Исследована возможность использования взаимоиндуктивного преобразователя в качестве измерительного преобразователя биений круглой цилиндрической поверхности в измерителе несоосности сварных соединений. На основе результатов физического и математического моделирования взаимодействия магнитного поля преобразователя с ферромагнитной поверхностью осуществлен выбор оптимальных конструктивных параметров преобразователя, оценено влияние краевого эффекта. 
333 |a Режим доступа: по договору с организацией-держателем ресурса 
461 |t Дефектоскопия  |d 1965- 
463 |t № 10  |v [С. 24-30]  |d 2011 
610 1 |a электронный ресурс 
610 1 |a труды учёных ТПУ 
610 1 |a бурильные трубы 
610 1 |a сварные соединения 
610 1 |a соосность 
610 1 |a взаимоиндуктивные преобразователи 
700 1 |a Алимов  |b Д. В.  |g Дмитрий Владимирович 
701 1 |a Вахрушев  |b Д. В.  |g Дмитрий Васильевич 
701 1 |a Гольдштейн  |b А. Е.  |c специалист в области неразрушающего контроля  |c профессор Томского политехнического университета, доктор технических наук  |f 1954-  |g Александр Ефремович  |3 (RuTPU)RU\TPU\pers\26406  |9 12110 
801 2 |a RU  |b 63413507  |c 20150318  |g RCR 
856 4 |u http://elibrary.ru/item.asp?id=17306279& 
942 |c CF